000 00644nam a2200205 a 4500
001 84525
003 BD-RjUL
005 20241211123830.0
008 241211s1307 pk ||||| |||| 00| 0 ara d
035 _a(BD-RjUL)84525
040 _aBD-RjUL
_beng
_cBD-RjUL
041 _aara
082 _223
_a492.75
_bHUS 1307 h
100 _4حسين, محمد خادم ;; Hussain, Mohammad Khadem
245 _aشرح ملا جامي ;; Sharh Mulla Jami /
_cمحمد خادم حسين, Mohammad Khadem Hussain
260 _aKarachi :
_bIntabaal Methbah ,
_c1307 h
300 _a380 p. ;
_c30 cm.
650 _aArabic Language
_vGrammar
942 _2ddc
_cBK
999 _c84525
_d84525